000 00745nam a2200229Ia 4500
003 GCL
008 140319s9999 xx 000 0 ara d
040 _aGCL /
_cGCL
082 0 4 _a272.6
_bب ت
100 1 _aصموئيل حبيب
245 1 0 _aتفسير العهد الجديد : شرح بشارة يوحنا /
_cصموئيل حبيب
700 1 _aبطرس عبدالملك
700 1 _aبشارة يوحنا
700 1 _aعزت زكى
700 1 _aباركلى ،وليم
260 _aالقاهرة :
_bدار الثقافة المسيحية ،
_c1983
300 _a567 ص ؛
_c24سم
490 _aتفسير العهد الجديد
_v0
650 0 4 _aالعهد الجديد
650 0 4 _aالانجيل
942 _2ddc
_cBK
999 _c53324
_d53324